Selected letters of Paul Hindemith /

Bibliographic Details
Main Author: Hindemith, Paul, 1895-1963
Other Authors: Skelton, Geoffrey
Format: Book
Language:English
Published: New Haven : Yale University Press, [1995]
Subjects:

MARC

Tag First Indicator Second Indicator Subfields
LEADER 00000cam a2200000 a 4500
001 in00001321237
005 20151005073658.0
008 950412s1995 ctua b 001 0aeng
010 |a  95017335  
020 |a 0300064519 (alk. paper) 
035 |a (OCoLC)32394781 
035 |9 AHC8553AM 
040 |a DLC  |c DLC  |d TXA  |d UtOrBLW 
041 1 |a eng  |h ger 
049 |a TXAM 
050 0 0 |a ML410.H685  |b A4 1995 
082 0 0 |a 780/.92  |a B  |2 20 
100 1 |a Hindemith, Paul,  |d 1895-1963. 
240 1 0 |a Correspondence.  |k Selections.  |l English 
245 1 0 |a Selected letters of Paul Hindemith /  |c edited and translated from the German by Geoffrey Skelton. 
264 1 |a New Haven :  |b Yale University Press,  |c [1995] 
264 4 |c ©1995 
300 |a xiii, 255 pages :  |b illustrations ;  |c 25 cm. 
336 |a text  |b txt  |2 rdacontent 
337 |a unmediated  |b n  |2 rdamedia 
338 |a volume  |b nc  |2 rdacarrier 
500 |a Includes indexes. 
600 1 0 |a Hindemith, Paul,  |d 1895-1963.  |t Correspondence. 
650 0 |a Composers  |v Correspondence. 
700 1 |a Skelton, Geoffrey. 
999 |a MARS 
999 f f |s 0dd12e18-0e23-3ca6-8670-f271de7dcb72  |i 53910eba-7170-3afa-bc59-eadab335fcc1  |t 0 
952 f f |p normal  |a Texas A&M University  |b College Station  |c Sterling C. Evans Library  |d Evans: Library Stacks  |t 0  |e ML410.H685 A4 1995  |h Library of Congress classification  |i unmediated -- volume  |m A14820571939 
998 f f |a ML410.H685 A4 1995  |t 0  |l Evans: Library Stacks